000 00220nam a22000857a 4500
008 160628b xxu||||| |||| 00| 0 eng d
100 _91269
_a Lall, S.K
245 _aSaga of India
260 _aNew Delhi
_bArya Publication
_c2002
999 _c1037
_d1037